Statistiques concernant Pays n'ayant jamais été colonisés par une puissance européenne

Cliquez ici pour prendre le quiz!

Statistiques générales

  • Ce quiz a été pris 273 fois
  • Le résultat moyen est 4 sur 5

Statistiques - réponses

ContinentRéponse% Correct
AsieJapon
94%
AsieCorée du Sud
75%
AsieCorée du Nord
73%
AfriqueLiberia
56%
AsieThaïlande
56%

Distribution des résultats

Percentile par nombre de réponses

% des personnes avec chaque résultat

Votre développement - résultats

Vous n’avez pas pris ce quiz